000
00417nam a2200145Ia 4500
008
090122s9999 xx 000 0 und d
082
_b
9057
_a
361.54
100
_a
केतकर
_b
ग
_c
वि
245
_a
समाजचित्रें
600
_a
केतकर
630
_a
समाजचित्रें
700
_a
केतकर
730
_a
समाजचित्रें
942
_c
BOOK
999
_c
33134
_d
33134